Top 15 dei paesi con decessi Covid-19 - 13 ottobre 2021 - Statistics

Statistiche generali
  • Questo quiz è stato fatto 8 volte
  • Il punteggio medio è 11 su 25
Statistiche sulle risposte
paese % Corretto
Germania
100%
Italia
100%
Russia
100%
Francia
88%
Stati Uniti
88%
Messico
75%
Brasile
63%
India
63%
Argentina
50%
Indonesia
50%
Perù
50%
Regno Unito
50%
Sudafrica
50%
Cechia
25%
Colombia
25%
Iran
25%
Slovacchia
25%
Slovenia
25%
Ungheria
25%
Bosnia ed Erzegovina
13%
Paraguay
13%
Belgio
0%
Bulgaria
0%
Georgia
0%
Macedonia del Nord
0%
Nessun quiz corrispondente trovato
Distribuzione punteggi
Percentuale di utenti per punteggio
Percentile per numero di risposta
I tuoi punteggi nel tempo
Non hai fatto questo quiz